<?xml version="1.0" encoding="UTF-8"?>
<record
    xmlns:xsi="http://www.w3.org/2001/XMLSchema-instance"
    xsi:schemaLocation="http://www.loc.gov/MARC21/slim http://www.loc.gov/standards/marcxml/schema/MARC21slim.xsd"
    xmlns="http://www.loc.gov/MARC21/slim">

  <leader>02130nam a2200313 i 4500</leader>
  <controlfield tag="001">000021065</controlfield>
  <controlfield tag="003">DO-SdBNP</controlfield>
  <controlfield tag="005">20241101145324.0</controlfield>
  <controlfield tag="007">ta</controlfield>
  <controlfield tag="008">100830s2002    dr ac         001 0 spa d</controlfield>
  <datafield tag="020" ind1=" " ind2=" ">
    <subfield code="a">9993490040</subfield>
  </datafield>
  <datafield tag="040" ind1=" " ind2=" ">
    <subfield code="a">DO-SdBNP</subfield>
    <subfield code="b">spa</subfield>
    <subfield code="c">BNPHU</subfield>
    <subfield code="e">rda</subfield>
  </datafield>
  <datafield tag="041" ind1=" " ind2=" ">
    <subfield code="a">spa</subfield>
  </datafield>
  <datafield tag="082" ind1=" " ind2="4">
    <subfield code="a">972.93054</subfield>
    <subfield code="b">L579y 2002</subfield>
    <subfield code="2">22</subfield>
  </datafield>
  <datafield tag="100" ind1="1" ind2=" ">
    <subfield code="a">Le&#xF3;n Est&#xE9;vez, Luis Jos&#xE9;,</subfield>
    <subfield code="d">1931-</subfield>
    <subfield code="e">autor</subfield>
    <subfield code="4">aut.</subfield>
    <subfield code="9">2414</subfield>
  </datafield>
  <datafield tag="245" ind1="1" ind2="0">
    <subfield code="a">Yo, Ramfis Trujillo /</subfield>
    <subfield code="c">Luis Jos&#xE9; Le&#xF3;n Est&#xE9;vez.</subfield>
  </datafield>
  <datafield tag="264" ind1=" " ind2="4">
    <subfield code="a">Santo Domingo :</subfield>
    <subfield code="b">Letra Gr&#xE1;fica,</subfield>
    <subfield code="c">&#xA9;2002.</subfield>
  </datafield>
  <datafield tag="300" ind1=" " ind2=" ">
    <subfield code="a">115 p&#xE1;ginas :</subfield>
    <subfield code="b">ilustraciones retratos ;</subfield>
    <subfield code="c">22 cm.</subfield>
  </datafield>
  <datafield tag="336" ind1=" " ind2=" ">
    <subfield code="a">rdacontent</subfield>
    <subfield code="b">texto</subfield>
    <subfield code="2">txt</subfield>
  </datafield>
  <datafield tag="337" ind1=" " ind2=" ">
    <subfield code="a">rdamedia</subfield>
    <subfield code="b">sin mediaci&#xF3;n</subfield>
    <subfield code="2">n</subfield>
  </datafield>
  <datafield tag="338" ind1=" " ind2=" ">
    <subfield code="a">rdacarrier</subfield>
    <subfield code="b">volumen</subfield>
    <subfield code="2">nc</subfield>
  </datafield>
  <datafield tag="500" ind1=" " ind2=" ">
    <subfield code="a">Incluye datos biogr&#xE1;ficos del autor en la solapa de la cubierta.</subfield>
  </datafield>
  <datafield tag="505" ind1="0" ind2=" ">
    <subfield code="a">Yo, Ranfis Trujillo --</subfield>
    <subfield code="t">!Gracias General! --</subfield>
    <subfield code="t">Testimonio personal del autor --</subfield>
    <subfield code="t">Yo, Ramfis Trujillo --</subfield>
    <subfield code="t">&#xBF;Qu&#xE9; b&#xE1;rbaro, ni siquiera aqu&#xED; descansa! --</subfield>
    <subfield code="t">No quise ser vicepresidente --</subfield>
    <subfield code="t">Cumplo mi sue&#xF1;o: hacer la mejor Fuerza A&#xE9;rea --</subfield>
    <subfield code="t">Hollywood: algunas artistas compartieron mi tiempo --</subfield>
    <subfield code="t">Mi patria entre el bisonte y el toro --</subfield>
    <subfield code="t">El entorno oficial de mi padre: buenos y malos --</subfield>
    <subfield code="t">El movimiento 14 de junio --</subfield>
    <subfield code="t">El asesinato de mi padre --</subfield>
    <subfield code="t">Tenia el poder, todo el poder --</subfield>
    <subfield code="t">Todos clamaban venganza --</subfield>
    <subfield code="t">S&#xED;, fue un dictador -- La corrupci&#xF3;n, que ahoga la modernizaci&#xF3;n y decencia del pa&#xED;s --</subfield>
    <subfield code="t">Lo que me llama es la tumba --</subfield>
    <subfield code="t">P&#xE1;rese a pelear --</subfield>
    <subfield code="t">Todo el mundo quer&#xED;a que siguiera la dictadura --</subfield>
    <subfield code="t">Empec&#xE9; a destrujillizar el pa&#xED;s --</subfield>
    <subfield code="t">La oposici&#xF3;n no quer&#xED;a comprender --</subfield>
    <subfield code="t">Solo mi presencia imped&#xED;a un golpe de estado --</subfield>
    <subfield code="t">F&#xE9;lix W. Bernadino asesinar&#xE1; al Dr. Balaguer --</subfield>
    <subfield code="t">Mi enfrentamiento con Johnny Abbes Garc&#xED;a --</subfield>
    <subfield code="t">Nunca pens&#xE9; quedarme en el pa&#xED;s --</subfield>
    <subfield code="t">Soy el responsable de esas muertes.</subfield>
  </datafield>
  <datafield tag="590" ind1=" " ind2=" ">
    <subfield code="a">Inventariado, 2019/MFF</subfield>
  </datafield>
  <datafield tag="600" ind1="1" ind2="4">
    <subfield code="a">Trujillo Mart&#xED;nez, Rafael Le&#xF3;nidas (Ramfis),</subfield>
    <subfield code="d">1929-1969</subfield>
    <subfield code="x">Correspondencia, memorias, etc.</subfield>
    <subfield code="9">1246</subfield>
  </datafield>
  <datafield tag="651" ind1=" " ind2="4">
    <subfield code="a">Rep&#xFA;blica Dominicana</subfield>
    <subfield code="x">Historia</subfield>
    <subfield code="y">Era de Trujillo, 1930-1961</subfield>
    <subfield code="x">Fuentes</subfield>
    <subfield code="9">2416</subfield>
  </datafield>
  <datafield tag="910" ind1=" " ind2=" ">
    <subfield code="a">Validado. Control de calidad MMOLINA</subfield>
  </datafield>
  <datafield tag="942" ind1=" " ind2=" ">
    <subfield code="2">ddc</subfield>
    <subfield code="c">LBS1</subfield>
  </datafield>
  <datafield tag="952" ind1=" " ind2=" ">
    <subfield code="0">0</subfield>
    <subfield code="1">0</subfield>
    <subfield code="2">ddc</subfield>
    <subfield code="5">1</subfield>
    <subfield code="7">0</subfield>
    <subfield code="8">PD</subfield>
    <subfield code="a">BNPHU</subfield>
    <subfield code="b">BNPHU</subfield>
    <subfield code="c">HD</subfield>
    <subfield code="d">2010-08-30</subfield>
    <subfield code="e">Dep&#xF3;sito Legal</subfield>
    <subfield code="o">BNPHU PD 972.93054 L579y 2002</subfield>
    <subfield code="p">21065-10</subfield>
    <subfield code="r">2020-06-25</subfield>
    <subfield code="w">2020-06-25</subfield>
    <subfield code="y">LBS1</subfield>
  </datafield>
  <datafield tag="952" ind1=" " ind2=" ">
    <subfield code="0">0</subfield>
    <subfield code="1">0</subfield>
    <subfield code="2">ddc</subfield>
    <subfield code="5">1</subfield>
    <subfield code="7">0</subfield>
    <subfield code="8">PD</subfield>
    <subfield code="a">BNPHU</subfield>
    <subfield code="b">BNPHU</subfield>
    <subfield code="c">HD</subfield>
    <subfield code="d">2023-01-17</subfield>
    <subfield code="e">Donado</subfield>
    <subfield code="l">0</subfield>
    <subfield code="o">BNPHU PD 972.93054 L579y 2002</subfield>
    <subfield code="p">2023-0209</subfield>
    <subfield code="r">2023-01-17</subfield>
    <subfield code="t">e.2</subfield>
    <subfield code="w">2023-01-17</subfield>
    <subfield code="y">LBS1</subfield>
  </datafield>
  <datafield tag="952" ind1=" " ind2=" ">
    <subfield code="0">0</subfield>
    <subfield code="1">0</subfield>
    <subfield code="2">ddc</subfield>
    <subfield code="5">6</subfield>
    <subfield code="7">0</subfield>
    <subfield code="8">DS</subfield>
    <subfield code="a">BNPHU</subfield>
    <subfield code="b">BNPHU</subfield>
    <subfield code="c">HD</subfield>
    <subfield code="d">2024-10-28</subfield>
    <subfield code="e">Donado por la Presidencia de la Rep&#xFA;blica Dominicana 2023</subfield>
    <subfield code="l">0</subfield>
    <subfield code="o">BNPHU DS 972.93054 L579y 2002</subfield>
    <subfield code="p">2024-6230</subfield>
    <subfield code="r">2024-10-28</subfield>
    <subfield code="t">e.3</subfield>
    <subfield code="w">2024-10-28</subfield>
    <subfield code="y">LBS1</subfield>
    <subfield code="z">Pertenecio a la biblioteca personal de Emilio Cordero Michel</subfield>
  </datafield>
  <datafield tag="999" ind1=" " ind2=" ">
    <subfield code="c">20568</subfield>
    <subfield code="d">20568</subfield>
  </datafield>
</record>
